| 000 | 00371pam a2200157a 44500 | ||
|---|---|---|---|
| 008 | 230515b1991 xxu||||| |||| 00| 0 eng d | ||
| 020 | _aNULL | ||
| 041 | _aENGLISH | ||
| 082 | _aN.D. | ||
| 100 | _aVazirani V.N. / Ratwani M.M. | ||
| 245 | _aAnalysis Of Structures Vol - I | ||
| 250 | _a0 | ||
| 260 |
_aNULL _bKhanna Publiser _c1991 |
||
| 300 | _a918 | ||
| 650 | _aNULL | ||
| 999 |
_c572226 _d572226 |
||